000 00504nam a22001817a 4500
003 OSt
005 20140310181934.0
008 130122t xxu||||| |||| 00| 0 eng d
050 _aPS 1017
_b.Al355 1994
082 _aCLA
_bAl1l 1994
245 _aLittle men :
_cLouisa May Alcott
_bLife at plumfield with Jo's boys /
260 _aBoston :
_bLittle, Brown and Company,
_cc1994.
300 _avi, 332 p. ;
_c21 cm.
541 _j1
562 _e1
650 _aFiction
_9746
942 _2lcc
_cBK
_kCLA
999 _c7506
_d7506